Responses for Show #4405 - Friday, October 31, 2003

Game data retrieved from an alternate archive.

Contestants

[<< previous game]

Gina Makarski, a stay-at-home mom from Arlington Heights, Illinois

Christopher Eaton, a freelance writer from Chicago, Illinois

Alicen Nadal, an office manager from Richmond Hill, New York (whose 1-day cash winnings total $8,801)

[next game >>]

Jeopardy! Round responses

ROCKS & MINERALS
TV TRANSPORTATION
REMEMBER THE ALAMO?
CARD GAME NAMES
GHOSTS
"BOO"!
    $200 21
marble

Alicen
    $200 1
Tom Selleck

Gina
    $200 26
Davy Crockett

Alicen
    $200 16
war

Gina
    $200 6
the British Museum

Gina
    $200 8
a boomerang

Gina
    $400 22
serpentine

Gina
    $400 2
The Wild Wild West

Christopher
    $400 27
John Wayne

Alicen
    $400 17
poker

Christopher
    $400 7
(Gina: What is a guest room?)

an elevator

AlicenGina
    $400 12
the booby prize

Alicen
    $600 23
(Christopher: What is lead?)

asbestos

Christopher
Triple Stumper
    $600 3
Adam-12

Christopher
    $600 28
Santa Anna

Christopher
    $600 18
21

Gina
    $600 9
(Christopher: What is a mine?)

a ghost town

ChristopherGina
    $600 13
kaboodle

Gina
    $800 24
graphite

Alicen
    $800 4
My Mother the Car

Alicen
    $3,000 29
Franciscans

Christopher
    $800 19
gin

Gina
    $800 10
Virginia

Alicen
    $800 14
taboo

Christopher
    $1000 25
Galena

Christopher
    $1000 5
the Pacific Princess

Gina
    $1000 30
(Christopher: Who is Bowie?)

William Travis

Christopher
Triple Stumper
    $1000 20
solitaire

Alicen
    $1000 11
specter

Gina
    $1000 15
a baboon

Christopher

Scores at the first commercial break (after clue 15):

Alicen Christopher Gina
$2,400 $2,200 $3,400

Scores at the end of the Jeopardy! Round:

Alicen Christopher Gina
$5,000 $5,600 $5,400

Double Jeopardy! Round responses

POETS & POETRY
ONE-HIT WONDERS
CAN YOU BELIZE IT?
FACTORIES
YESTERDAY'S PERSONALITIES
MIND YOUR LATIN
    $400 11
Chaucer

Christopher
    $400 6
"Tiptoe Through The Tulips"

Gina
    $400 21
(Alicen: What is...?)

Anglican Church

AlicenGina
    $400 23
a chocolate factory

Gina
    $400 1
Houdini

Alicen
    $400 16
circa

Gina
    $800 12
e.e. cummings

Gina
    $800 7
"Seasons In The Sun"

Alicen
    $800 22
mahogany

Alicen
    $800 24
the Nobels

Alicen
    $800 2
Jim Thorpe

Alicen
    $800 17
a grain of salt

Triple Stumper
    $2,000 13
(Gina: Who is Elizabeth Barrett Browning?)

Priscilla

Gina
    $1200 8
Right Said Fred

Alicen
    $1200 28
[The end-of-round signal sounds.]

Guatemala

Triple Stumper
    $1200 25
ping-pong tables

Gina
    $1200 3
Paul Robeson

Alicen
    $1,000 18
(Gina: )

"Let there be light"

Gina
    $1600 14
Laura

Triple Stumper
    $1600 9
"I Gotta Wear Shades"

Christopher
    $1600 26
(Christopher: What is Illinois?)

Tennessee

Christopher
Triple Stumper
    $1600 4
Chico Marx

Gina
    $1600 19
a quorum

Christopher
    $2000 15
(Gina: Who is John Donne?)

Richard Lovelace

Gina
Triple Stumper
    $2000 10
Sir Mix-a-Lot

Gina
    $2000 27
the Skunkworks

Triple Stumper
    $2000 5
Haile Selassie

Alicen
    $2000 20
(Gina: Reader beware?)

Let the reader beware

Gina
Triple Stumper

Scores at the end of the Double Jeopardy! Round:

Alicen Christopher Gina
$12,600 $7,600 $5,600

[wagering suggestions for these scores]

Final Jeopardy! Round responses

19th CENTURY NOVELS
GinaWhat is Jane Eyre?
$5,500
ChristopherWhat is Dracula?
$7,600
AlicenWhat is The Count of Monte Crisco?
$2,600
Dracula

Final scores:

Alicen Christopher Gina
$10,000 $15,200 $100
2nd place: $2,000 New champion: $15,200 3rd place: $1,000

Game dynamics:

Coryat scores:

Alicen Christopher Gina
$12,600 $5,400 $8,600
17 R,
1 W
11 R
(including 1 DD),
4 W
19 R,
5 W
(including 2 DDs)

Combined Coryat: $26,600

[game clues] [game scores] [suggest correction]

Game tape date: 2003-08-19
The J! Archive is created by fans, for fans. Scraping, republication, monetization, and malicious use prohibited; this site may use cookies and collect identifying information. See terms. The Jeopardy! game show and all elements thereof, including but not limited to copyright and trademark thereto, are the property of Jeopardy Productions, Inc. and are protected under law. This website is not affiliated with, sponsored by, or operated by Jeopardy Productions, Inc. Join the discussion at JBoard.tv.